Statistics for 新◯◯と名の付く鉄道駅

Click here to take the quiz!

General Stats

  • This quiz has been taken 485 times
  • The average score is 77 of 153

Answer Stats

都道府県主な路線Answer% Correct
北海道北海道新幹線新函館北斗
95%
神奈川県東海道新幹線新横浜
90%
東京都JR山手線新大久保
88%
大阪府東海道新幹線など新大阪
88%
青森県JR奥羽本線新青森
88%
JR根室本線 | 東海道新幹線新富士
85%
兵庫県山陽新幹線など新神戸
83%
福島県東北新幹線新白河
82%
岩手県東北新幹線新花巻
82%
JR京葉線・東京メトロ有楽町線新木場
78%
JR横須賀線など新川崎
78%
千葉県JR武蔵野線・JR常磐緩行線新松戸
78%
岡山県山陽新幹線・JR山陽本線新倉敷
78%
山口県山陽新幹線・JR山陽本線など新山口
77%
JR千歳線新千歳空港
77%
群馬県JR上越線・JR両毛線新前橋
75%
山陽新幹線・JR山陽本線新下関
75%
富山県北陸新幹線・JR城端線新高岡
75%
佐賀県九州新幹線・JR長崎本線新鳥栖
73%
JR千歳線新札幌
73%
福岡県九州新幹線新大牟田
73%
みなとみらい線新高島
73%
広島県山陽新幹線新尾道
72%
山陽新幹線新岩国
72%
熊本県九州新幹線・JR鹿児島本線新八代
71%
JR京葉線新浦安
71%
静岡鉄道新静岡
71%
JR中央線・JR総武線・JR横須賀線新小岩
70%
JR横須賀線新日本橋
70%
滋賀県JR湖西線新旭
69%
東京メトロ千代田線新御茶ノ水
69%
JR大阪環状線・南海本線など新今宮
68%
九州新幹線・肥薩おれんじ鉄道新水俣
68%
小田急小田原線・小田急多摩線新百合ヶ丘
67%
JR京浜東北線新子安
67%
京成千葉線新千葉
67%
長崎県西九州新幹線・JR大村線新大村
66%
東急新横浜線新綱島
66%
JR京浜東北線・横浜シーサイドライン新杉田
66%
札幌市営地下鉄東西線新さっぽろ
66%
九州新幹線新玉名
65%
JR宗谷本線・JR石北本線新旭川
65%
東武野田線・北総線・新京成線新鎌ヶ谷
64%
東武日光線新栃木
64%
JR京葉線新習志野
64%
JR武蔵野線新秋津
63%
遠州鉄道新浜松
62%
東武伊勢崎線新越谷
62%
JR武蔵野線新小平
62%
東武桐生線新桐生
61%
静岡鉄道新清水
61%
JR石勝線新夕張
61%
東京メトロ丸ノ内線新中野
61%
西武新宿線新所沢
60%
東武伊勢崎線新伊勢崎
60%
JR武蔵野線新三郷
60%
東京メトロ丸ノ内線新大塚
58%
名鉄羽島線新羽島
58%
東武野田線新船橋
58%
JR福知山線新三田
58%
東武鬼怒川線・野岩鉄道新藤原
57%
東急東横線・東急目黒線新丸子
57%
埼玉県JR宇都宮線(東北本線)新白岡
57%
都営地下鉄三田線新高島平
56%
西武有楽町線新桜台
56%
JR山陽本線・神戸市営地下鉄海岸線など新長田
55%
豊橋鉄道渥美線新豊橋
55%
大井川鐵道大井川本線新金谷
55%
東武日光線新鹿沼
55%
小田急小田原線新松田
55%
JR鶴見線新芝浦
55%
京急本線新馬場
54%
新京成線新津田沼
54%
東京モノレール新整備場
54%
JR武蔵野線新八柱
53%
長野県アルピコ交通上高地線新島々
51%
ゆりかもめ新豊洲
50%
東京メトロ丸ノ内線新高円寺
50%
東武野田線新柏
50%
名鉄瀬戸線新瀬戸
50%
愛知環状鉄道新豊田
49%
阪急伊丹線新伊丹
49%
JR呉線新広
49%
近鉄奈良線新大宮
49%
名鉄名古屋本線・西尾線新安城
49%
JR東海道本線新蒲原
49%
名鉄各務原線・犬山線新鵜沼
49%
関東鉄道常総線新守谷
48%
JR東西線新福島
48%
JR山陽本線・アストラムライン新白島
47%
えちぜん鉄道勝山永平寺線新福井
47%
都営地下鉄大江戸線新御徒町
46%
富山地鉄本線新黒部
46%
都営地下鉄三田線新板橋
46%
京急久里浜線新大津
45%
JR総武線新検見川
45%
愛知県JR中央本線新守山
45%
JR外房線新茂原
44%
宮城県JR東北本線新利府
44%
JR豊肥本線新水前寺
42%
京成本線新三河島
41%
鹿島臨海鉄道新鉾田
41%
東武日光線新古河
41%
岐阜県名鉄広見線新可児
40%
茨城県関東鉄道常総線新取手
40%
福井県JR北陸本線新疋田
40%
北総線新柴又
40%
西武新宿線新狭山
39%
西武多摩川線新小金井
39%
富山地鉄本線新魚津
39%
京王井の頭線新代田
38%
JR札沼線新琴似
37%
奈良県近鉄田原本線新王寺
37%
近鉄京都線新田辺
36%
JR後藤寺線・JR筑豊本線新飯塚
36%
JR根室本線新大楽毛
34%
都営地下鉄大江戸線新江古田
34%
近鉄けいはんな線新石切
33%
栃木県東武日光線新大平下
32%
Osaka Metro御堂筋線新金岡
32%
名古屋市営地下鉄東山線 | 西鉄天神大牟田線新栄町
31%
東武鬼怒川線新高徳
30%
近江鉄道八日市線新八日市
30%
京都府近鉄京都線新祝園
30%
JRおおさか東線新加美
29%
名鉄名古屋本線新木曽川
29%
石川県北陸鉄道石川線新西金沢
28%
あいの風富山鉄道新富山口
28%
名鉄常滑線新舞子
28%
名鉄名古屋本線新清洲
25%
JR加古川線新西脇
25%
都電荒川線新庚申塚
25%
三陸鉄道リアス線新田老
25%
名鉄各務原線新那加
24%
JR山陽本線新井口
21%
JR根室本線新吉野
21%
熊本市電水前寺線新水前寺駅前
18%
名鉄各務原線新加納
18%
愛知環状鉄道新上挙母
17%
Osaka Metro千日前線新深江
13%
JR小浜線新平野
12%
阪堺電気軌道阪堺線新今宮駅前
11%
平成筑豊鉄道田川線新豊津
8%
筑豊電鉄新木屋瀬
8%
富山地鉄本線新相ノ木
8%
熊本電鉄菊池線新須屋
7%
万葉線新能町
6%
くま川鉄道湯前線新鶴羽
6%
富山地鉄本線新宮川
5%
長崎電気軌道新中川町
4%
万葉線新吉久
4%

Score Distribution

Percentile by Number Answered

Percent of People with Each Score

Your Score History

You have not taken this quiz